000 01017cab a2200241 4500
001 WB3503-41
008 090401t1998 xxu||||| |||| 00| 0 eng d
035 _a(Sirsi) u90783
041 _aeng
245 _aValuation
260 _c1998
350 _a0
490 _aEstates Gazette
_v[1998] EGCS 182 (16/01/99)
520 _a"Byrne and others v Hall Pain & Foster and others" CA 11 December 1998. Property was valued by defendants and then purchased by the plaintiff. Defects then came to light and the plaintiff claimed damages for negligent valuation and issued a wit six years after exchange of contracts. At issue was whether six-year limitation period applied. Jufge found action to be time-barred. Appeal dismissed.
650 _aBYRNE AND OTHERS V HALL PAIN & FOSTER AND OTHERS
650 _aLATENT DAMAGE ACT 1980
650 _aLIMITATION PERIOD
650 _aNEGLIGENT VALUATION
650 _aTIME-BARRED
690 _aPROPERTY LAW AND PRACTICE-CASE LAW
942 _n0
948 _c19/01/1999
999 _c57576
_d57576